|
|
|
|
| LEADER |
00683nta a2200169 i 4500 |
| 001 |
dipl60334 |
| 005 |
20161025181403.0 |
| 008 |
161025s2015 hu om 0|| hun d |
| 040 |
|
|
|a SZTE Diploma Repozitórium
|b hun
|
| 041 |
|
|
|a hun
|
| 100 |
1 |
|
|a Balogh Máté
|
| 245 |
1 |
0 |
|a Ártérfeltöltődés a Duna mentén, a 2013-as árvíz után
|h [elektronikus dokumentum] /
|c Máté Balogh
|
| 246 |
1 |
0 |
|a Floodplain accumulation along the Danube after the flood of 2013
|h [elektronikus dokumentum]
|
| 260 |
|
|
|c 2015
|
| 650 |
|
4 |
|a Természettudományok
|
| 700 |
1 |
|
|a Kiss Timea
|e ths
|
| 856 |
4 |
0 |
|u http://diploma.bibl.u-szeged.hu/id/eprint/60334/1/2016_Balogh_M%C3%A1t%C3%A9_BAMUACT_SZE_SZ.pdf
|z Dokumentum-elérés
|